000 01431nam a2200313Ia 4500
003 CO-BoRNBP
005 20230413140310.0
007 ta
008 141031s9999 ck 000 0 spa d
020 _a9789588375601
040 _aCO-BoRNBP
_bspa
_erda
_cCO-BoRNBP
084 _aC POT1
100 1 _aPotdevin, Philip,
_d1958-
_91208
245 1 0 _aEstragos de la lujuria (y sus remedios)
_cPhilip Potdevin
250 _a1a edición
264 _aCartagena de Indias
_bPluma de Mompox
_c2011
300 _a144 páginas
_c21 cm.
336 _atexto
_btxt
_2rdacontent
337 _asin mediación
_bn
_2rdamedia
338 _avolumen
_bnc
_2rdacarrier
490 _aVoces de fuego
500 _aIncluye datos biográficos del autor en la solapa.
505 _aEl infierno: ático, última puerta a la derecha -- La vida secreta de los sátiros -- En el gineceo -- De la molicie y otros varios defectos de las jóvenes -- Las delicias de la soledad -- Lamento por Timas, la hermosa -- La túnica en la tina -- A través del lente -- Solicitación en confesión -- Dunlichity. Umbral del placer -- Madera noruega -- El lugar de la luna oculta -- Misa salisburguensis -- Coronación de los bienaventurados
650 1 4 _2LEMB
_aCuentos colombianos
_ySiglo XX
_91206
650 1 4 _2LEMB
_aLiteratura colombiana
_ySiglo XX
_9427
650 1 4 _2LEMB
_aErotismo en la literatura
_91209
650 1 4 _2LEMB
_aLujuria en la literatura
_91210
942 _cBKLIT
999 _c9388
_d9388